Технологическая оснастка: учебное пособие

গ্রন্থ-পঞ্জীর বিবরন
প্রধান লেখক: Матвеев В. Н. Владимир Николаевич
অন্যান্য লেখক: Абызов А. П. Анатолий Петрович, Чемборисов Н. А. Наиль Анварович
সংক্ষিপ্ত:Предлагаемое учебное пособие подготовлено в соответствии с ФГОС по направлению «Конструкторско-технологическое обеспечение машиностроительных производств» в блоке перечня специальных дисциплин и включает все разделы, связанные с проектированием оснастки, расчётами для определения сил закрепления и точности проектируемых приспособлений.В учебном пособии систематизированы материалы по классификации технологической оснастки на основе элементов приспособлений, что приводит к сокращению числа частных случаев при расчётах и выборе конкретных конструкций приспособлений. Большое место в учебном пособии уделяется теоретическим расчётам первичных погрешностей базирования и установки заготовок, приводятся конкретные схемы и их расчёт. Учебное пособие предназначено для студентов вузов, обучающихся по направлению «Конструкторско-технологическое обеспечение машиностроительных производств ».
ভাষা:রুশ
প্রকাশিত: Старый Оскол, ТНТ, 2012
বিষয়গুলি:
বিন্যাস: গ্রন্থ
KOHA link:https://koha.lib.tpu.ru/cgi-bin/koha/opac-detail.pl?biblionumber=222870

MARC

LEADER 00000nam0a2200000 4500
001 222870
005 20231101230504.0
010 |a 9785941783298 
035 |a (RuTPU)RU\TPU\book\243100 
090 |a 222870 
100 |a 20121002d2012 m y0rusy50 ca 
101 0 |a rus 
102 |a RU 
105 |a a j 001zy 
200 1 |a Технологическая оснастка  |e учебное пособие  |f В. Н. Матвеев, А. П. Абызов, Н. А. Чемборисов 
210 |a Старый Оскол  |c ТНТ  |d 2012 
215 |a 232 с.  |c ил. 
320 |a Библиогр.: с. 231. 
330 |a Предлагаемое учебное пособие подготовлено в соответствии с ФГОС по направлению «Конструкторско-технологическое обеспечение машиностроительных производств» в блоке перечня специальных дисциплин и включает все разделы, связанные с проектированием оснастки, расчётами для определения сил закрепления и точности проектируемых приспособлений.В учебном пособии систематизированы материалы по классификации технологической оснастки на основе элементов приспособлений, что приводит к сокращению числа частных случаев при расчётах и выборе конкретных конструкций приспособлений. Большое место в учебном пособии уделяется теоретическим расчётам первичных погрешностей базирования и установки заготовок, приводятся конкретные схемы и их расчёт. Учебное пособие предназначено для студентов вузов, обучающихся по направлению «Конструкторско-технологическое обеспечение машиностроительных производств ». 
606 1 |a Станочная оснастка  |2 stltpush  |3 (RuTPU)RU\TPU\subj\67788  |9 83454 
610 1 |a приспособления 
610 1 |a классификация 
610 1 |a конструкции 
610 1 |a зажимные механизмы 
610 1 |a самоцентрирующие устройства 
610 1 |a втулки 
610 1 |a делительные устройства 
610 1 |a расчет 
610 1 |a заготовки 
610 1 |a закрепление 
610 1 |a приводы 
610 1 |a вспомогательное оборудование 
610 1 |a специальные приспособления 
610 1 |a станки с ЧПУ 
610 1 |a инструментальная оснастка 
610 1 |a системы контроля 
610 1 |a системы измерения 
610 1 |a бункерные загрузочные устройства 
610 1 |a автоматизация 
610 1 |a экономическая эффективность 
610 1 |a затраты 
610 1 |a учебные пособия 
675 |a 621.9.06-229(075.8)  |v 3 
700 1 |a Матвеев  |b В. Н.  |g Владимир Николаевич 
701 1 |a Абызов  |b А. П.  |g Анатолий Петрович 
701 1 |a Чемборисов  |b Н. А.  |g Наиль Анварович 
801 1 |a RU  |b 63413507  |c 20121002 
801 2 |a RU  |b 63413507  |c 20150618  |g RCR 
900 |a Технологическая оснастка 
942 |c BK 
951 |b 151900 
959 |a 123/20121002  |d 2  |e 330,00  |f ЧЗТЛ:1  |f АНЛ:1